000 00655nam a2200265Ia 4500
005 20260320203157.0
008 008 262003s9999 xx 000 0 eng d
020 _a978-3-031-31271-7
037 _aEBOOK
040 _aCRL
040 _beng
040 _cCRL
041 _2eng
041 _aeng
084 _qCRL
100 _aJean Gayon, Armand de Ricqlès, Antoine C. Dussault
_91136970
245 0 _aFunctions: From Organisms to Artefacts
260 _bSpringer
260 _c2023
650 _aPhilosophy
856 _uhttps://doi.org/10.1007/978-3-031-31271-7
942 _cEBOOK
999 _c1725644
_d1725644